| 000 | 01424nam a22002657a 4500 | ||
|---|---|---|---|
| 008 | 240419t2024 xxk|||||o||||o00| 0 eng d | ||
| 245 |
_aRenters (Reform) Bill 2023-24: Progress of the Bill _ba research briefing _h[Electronic resource] |
||
| 260 |
_aLondon, _bHouse of Commons Library, _c18 April 2024 |
||
| 490 | _aResearch Briefing | ||
| 520 | _aA House of Commons Library briefing on the Renters (Reform) Bill, ahead of its report stage and third reading on 24 April 2024, provides an overview of the Bill's progress through the House of Commons prior to report stage. | ||
| 520 | _aNote added 29th May 2024: This Bill did not progress to conclusion due to proroguing of Parliament following the announcement of a General Election on 4 July 2024 | ||
| 520 | _aNote added 11 September 2024: See the Renters' Rights Bill presented 11 September 2024 by the new Government. | ||
| 650 | _aASSURED SHORTHOLD TENANCIES | ||
| 650 | _aEVICTION | ||
| 650 | _aHOUSING | ||
| 650 | _aLANDLORD AND TENANT | ||
| 650 | _aRENTERS (REFORM) BILL 2022-23 | ||
| 650 | _aRENTERS (REFORM) BILL 2023-24 | ||
| 650 | _aTENANTS' RIGHTS | ||
| 690 |
_aLandlord and tenant _96252 |
||
| 700 | _aCromarty, Hannah | ||
| 710 |
_91448 _aParliament. House of Commons. Library |
||
| 856 |
_uhttps://researchbriefings.files.parliament.uk/documents/CBP-10004/CBP-10004.pdf _zAvailable online at the House of Commons Library |
||
| 942 | _2ddc | ||
| 999 |
_c121912 _d121912 |
||